A Textbook of Medical Jurisprudence and Toxicology/ (Record no. 213578)

MARC details
000 -LEADER
fixed length control field 00665nam a22002057a 4500
005 - DATE AND TIME OF LATEST TRANSACTION
control field 20251006161849.0
010 ## - LCCN (DPL NO)
LC control number ENG-146947
020 ## - INTERNATIONAL STANDARD BOOK NUMBER
International Standard Book Number 9789349015869
Terms of availability 5495.00
035 ## - SYSTEM CONTROL NUMBER
System control number EN-130479
037 ## - SOURCE OF ACQUISITION
Source of stock number/acquisition DBAD
082 ## - DEWEY DECIMAL CLASSIFICATION NUMBER
Classification number 614
Edition number 28
100 ## - MAIN ENTRY--PERSONAL NAME
Personal name Modi
245 ## - TITLE STATEMENT
Title A Textbook of Medical Jurisprudence and Toxicology/
Statement of responsibility, etc Modi
250 ## - EDITION STATEMENT
Edition statement 28
260 ## - PUBLICATION, DISTRIBUTION, ETC. (IMPRINT)
Place of publication, distribution, etc Haryana
Name of publisher, distributor, etc LexisNexis
Date of publication, distribution, etc 2025
270 ## - ADDRESS
Address 14th Floor, Building No. 10, Tower-B, DLF Cyber City, Phase-II, Gurgaon
City Haryana
Postal code 122002
Telephone number +91-124-4774444
Fax number +91-1244774100
300 ## - PHYSICAL DESCRIPTION
Extent clvii,1226,524p.
Dimensions 24cm.(hb)
700 ## - ADDED ENTRY--PERSONAL NAME
Personal name Mulla
Relator term Author
9 (RLIN) 85378
942 ## - ADDED ENTRY ELEMENTS (KOHA)
Source of classification or shelving scheme Dewey Decimal Classification
Item type English Books
Classification part 614
Edition 28
Call number suffix MOD
Holdings
Withdrawn status Lost status Not for loan Collection code Home library Current library Date acquired Source of acquisition Cost, normal purchase price Full call number Barcode Copy number Cost, replacement price Koha item type
    Not For Loan Reference Central Library Central Library 06/10/2025 Delivery of Books Act Division 5495.00 614 MOD EN-130479 1 5495.00 English Books

© Delhi Public Library
Hit Counter
free hit counter